000 00265nam a22001217a 4500
008 170526b xxu||||| |||| 00| 0 eng d
041 _aeng
080 _29TH
_a621
100 _a27
101 _aIM
245 _aENGINEERING DRAWING
_cFRENCH, TH.E
942 _2udc
_cBK
999 _c14550
_d14550